Da petiȯ́ ̉sentenȧ

Detalles Bibliográficos
Autor principal: Leitó, Helder Martins
Formato: Desconocido
Lenguaje:inglés
Publicado: Portugal : Almeida & Leitó, 2008
Materias:
Acceso en línea:Acceso restringido

MARC

LEADER 00000ny a22000003n 4500
005 20110623104610.0
008 091222s2008 po 000 0 eng d
020 |a 9789727491667 
035 |a 2570 
040 |a BUS  |d vLex 
090 |c 1035  |d 1035 
100 1 |a Leitó, Helder Martins 
245 1 0 |a Da petiȯ́ ̉sentenȧ  |h [Recurso electrn̤ico]  |c Helder Martins Leitó  
256 |a Servicio en ln̕ea 
260 |a Portugal :  |b Almeida & Leitó,  |c 2008 
300 |a p. ;  |c cm 
506 1 |a Contenido solo disponible en los productos indicados  |d vLex Global  |d vLex Global (Academic Edition, excluding Law Schools)  |d vLex Global (U.S. Academic Edition, Law Schools)  |d vLex Global (U.S. Academic Edition, excluding Law Schools)  |d vLex Global (Academic Edition, Law Schools) 
650 0 4 |a Sentencias (Procedimiento penal)  |z Portugal 
740 0 |a vLex Libros (Servicios en ln̕ea) 
856 4 0 |u http://vlex.com/source/2570  |z Acceso restringido 
942 |c BOOK